Canada to Chile - Statistics

General Stats
  • This quiz has been taken 614 times
  • The average score is 10 of 11
Answer Stats
Canada to Chile % Correct
Canada
99%
Mexico
98%
United States
98%
Guatemala
88%
Chile
83%
Honduras
83%
Nicaragua
83%
Panama
83%
Colombia
80%
Costa Rica
80%
Peru
80%
No matching quizzes found
Score Distribution
Percent of People with Each Score
Percentile by Number Answered
Your Score History
You have not taken this quiz